000
00324nam a2200133Ia 4500
008
150201s2009 xx 000 0 und d
082
_a
616.07
_b
P09B
100
_a
BANSAL,R
245
_a
TB OF PATHOLOGY-II (PATHOPHYSIOLOGY)
250
_a
1ST
260
_b
BIRLA PUB.
_a
DELHI
_c
2009
650
_a
PATHOLOGY
942
_2
ddc
_c
BK
_0
3
999
_c
646
_d
646